Technology and Human Capital in Historical Perspective / (Record no. 615563)

MARC details
000 -LEADER
fixed length control field 00933nam a2200169Ia 4500
008 - FIXED-LENGTH DATA ELEMENTS--GENERAL INFORMATION
fixed length control field 260225s9999 xx 000 0 und d
020 ## - INTERNATIONAL STANDARD BOOK NUMBER
ISBN 9781403920674
082 ## - DEWEY DECIMAL CLASSIFICATION NUMBER
Classification number 338.064
Item number LJE
100 ## - MAIN ENTRY--AUTHOR NAME
Personal name Ljungberg, Jonas
245 #0 - TITLE STATEMENT
Title Technology and Human Capital in Historical Perspective /
Statement of responsibility, etc Ljungberg, Jonas
260 ## - PUBLICATION, DISTRIBUTION, ETC. (IMPRINT)
Name of publisher Palgrave Macmillan,
Year of publication 2005
300 ## - PHYSICAL DESCRIPTION
Number of Pages 256 pages
520 ## - SUMMARY, ETC.
Summary, etc One theme of this volume is whether the complementarity between technology and human capital is a recent phenomenon, or whether it can be traced through history. Different approaches to human capital as well as technology are applied, and besides historical surveys are total factor productivity and patent data employed. The studies deal with the Iberian peninsula, Scandinavia, and Canada, countries displaying different patterns in the international development.
650 ## - SUBJECT ADDED ENTRY--TOPICAL TERM
Topical Term Business & Economics
942 ## - ADDED ENTRY ELEMENTS (KOHA)
Koha item type English Books
Holdings
Withdrawn status Lost status Damaged status Not for loan Home library Current library Shelving location Date acquired Full call number Accession Number Price effective from Koha item type
        Anna Centenary Library Anna Centenary Library 4TH FLOOR, A WING 25.02.2026 338.064 LJE 308266 25.02.2026 English Books

Find us on the map